| 000 | 00557cam a2200217 4500 | ||
|---|---|---|---|
| 001 | J386 | ||
| 008 | 090401t1991 xxu||||| |||| 00| 0 eng d | ||
| 035 | _a(Sirsi) u74655 | ||
| 041 | _aeng | ||
| 050 | _a333.33709421 | ||
| 110 |
_aWeatherall Green and Smith _92055 |
||
| 245 | 4 | _aThe London office report. - Autumn 1991. | |
| 260 |
_aLondon _bWeatherall Green & Smith _c1991 |
||
| 300 | _a12p. : ill. ; 30cm. | ||
| 350 | _a0 | ||
| 650 | _aLONDON | ||
| 650 | _aOFFICES | ||
| 690 | _aPROPERTY-COMMERCIAL PROPERTY | ||
| 942 | _n0 | ||
| 948 | _c04/03/1997 | ||
| 999 |
_c95902 _d95902 |
||